| 000 | 00691nam a2200229 a 4500 | ||
|---|---|---|---|
| 005 | 20210219153553.0 | ||
| 008 | 010517s1993 r 000 0 eng d | ||
| 020 | _a8430923039 | ||
| 035 | _aUPN01000106377 | ||
| 049 | _aCG | ||
| 050 | 4 |
_aKKT2506.6 A9 _bF6.2 |
|
| 100 | 1 | _aFossas Espadaler, Enric | |
| 245 | 1 | 0 |
_aDerecho de acceso a los cargos públicos / _cEnric Fossas Espadaler. |
| 260 |
_aMadrid : _bTecnos, _c1993. |
||
| 300 | _a166 p. | ||
| 440 | 0 | _aTemas clave de la constitución española | |
| 650 | 4 |
_aGOBIERNO REPRESENTATIVO Y REPRESENTACION - _zESPAÑA. |
|
| 650 | 4 |
_aNOMBRAMIENTOS DE FUNCIONARIOS - _zESPAÑA. |
|
| 901 | _a180401 | ||
| 902 | _aMCM/npd | ||
| 905 | _aLibro | ||
| 999 |
_c80290 _d80290 |
||